| 000 | 00420nam a22001697a 4500 | ||
|---|---|---|---|
| 005 | 20260414124501.0 | ||
| 008 | 260413b |||||||| |||| 00| 0 eng d | ||
| 020 | _a9781864708806 | ||
| 040 | _cPK-LaNCA | ||
| 082 |
_a720.92 _bKAH |
||
| 100 | _aJing, Zhang | ||
| 245 | _aGreat architects redrawn | ||
| 260 |
_aImages Publishing Group _bMelbourne _c2021 |
||
| 300 | _a619p.; ills | ||
| 650 | _aArchitects | ||
| 942 | _cBK | ||
| 999 |
_c67203 _d67203 |
||